000 00313nam a22001337a 4500
008 180110b xxu||||| |||| 00| 0 eng d
020 _a9780757531743
041 _aeng
080 _23 ED
_a62
100 _a27
101 _aENG
245 _aEXPERIMENTS IN MODERN ELECTRONICS
_cPOMAKIAN.J.H
942 _2udc
_cBK
999 _c40053
_d40053